Memoria del año 1930 leída y aprobada por la Junta General el día 25 de Enero de 1931 / Sociedad de Seguros Mutuos contra Incendios de Barcelona
Descripción Física:
9 p. : 21 cm
MARC
| LEADER | 00000nam a2200000Ia 4500 | ||
|---|---|---|---|
| 001 | 19647 | ||
| 008 | 160829s1931] xx 000 0 cat d | ||
| 080 | |a B-888, exp. 24 | ||
| 100 | |a Sociedad de Seguros Mutuos contra Incendios (Barcelona) |9 23951 | ||
| 245 | |a Memoria del año 1930 leída y aprobada por la Junta General el día 25 de Enero de 1931 / Sociedad de Seguros Mutuos contra Incendios de Barcelona | ||
| 260 | |a [Barcelona : |b Tip. Julián Doria, |c 1931] | ||
| 300 | |a 9 p. : |b 21 cm | ||
| 650 | |a Sociedad de Seguros Mutuos contra Incendios (Barcelona) |x Memòries |9 23952 | ||
| 901 | |a Arxiu | ||
| 942 | |n 1 | ||
| 952 | |0 0 |1 0 |4 0 |6 B888_EXP_24 |7 1 |9 51530 |a Arxiu |b Arxiu |d 2016-12-01 |l 0 |o B-888, exp. 24 |p 19647 |r 2016-12-01 00:00:00 |w 2016-12-01 |y ARXIU | ||
| 999 | |c 55375 |d 55375 | ||